Statistiken für Tischtennis WTT Rangliste Männer

Klicken Sie hier um das Quiz zu spielen!

Allgemein

  • Dieses Quiz wurde 27 mal gespielt
  • Das Durchschnittsergebnis liegt bei 31 aus 100

Antwortstatistiken

HintAntwort% Korrekt
26Timo BOLL
91%
2FAN Zhendong
86%
4MA Long
86%
6Felix LEBRUN
82%
22Alexis LEBRUN
77%
10Dang QIU
77%
11Dimitrij OVTCHAROV
77%
1WANG Chuqin
73%
8Hugo CALDERANO
68%
9Tomokazu HARIMOTO
68%
14Anton KALLBERG
64%
3LIANG Jingkun
64%
16Patrick FRANZISKA
64%
30Simon GAUZY
64%
20Truls MOREGARD
64%
42Benedikt DUDA
59%
15Darko JORGIC
59%
38Kristian KARLSSON
59%
23Mattias FALCK
59%
47Ruwen FILUS
59%
7LIN Gaoyuan
55%
5LIN Yun-Ju
55%
85Eugene WANG
50%
19Quadri ARUNA
50%
82SUN Wen
50%
40Edward LY
45%
12JANG Woojin
45%
29LEE Sang Su
45%
17Omar ASSAR
45%
64Yang WANG
45%
32Anders LIND
41%
37Kirill GERASSIMENKO
41%
27Liam PITCHFORD
41%
21LIM Jonghoon
41%
18Marcos FREITAS
41%
53Daniel HABESOHN
36%
13LIN Shidong
36%
59Alvaro ROBLES
32%
100Maciej KUBIK
32%
39Nicholas LUM
32%
34Sora MATSUSHIMA
32%
61Steffen MENGEL
32%
56Tiago APOLONIA
32%
43WONG Chun Ting
32%
41Aditya SAREEN
27%
33CHUANG Chih-Yuan
27%
75Eduard IONESCU
27%
95FENG Yi-Hsin
27%
73Hiroto SHINOZUKA
27%
28Jonathan GROTH
27%
86Martin ALLEGRO
27%
49Ovidiu IONESCU
27%
48Tomislav PUCAR
27%
36XIANG Peng
27%
54Joao GERALDO
23%
90Lubomir PISTEJ
23%
83Adrien RASSENFOSSE
18%
55Finn LUU
18%
70Ibrahima DIAW
18%
31KAO Cheng-Jui
18%
63Manav Vikash THAKKAR
18%
72Noshad ALAMIYAN
18%
35Sharath Kamal ACHANTA
18%
25Shunsuke TOGAMI
18%
71YUAN Licen
18%
45AN Jaehyun
14%
74Brian AFANADOR
14%
51CHO Seungmin
14%
69Jules ROLLAND
14%
81Milosz REDZIMSKI
14%
46OH Junsung
14%
94Panagiotis GIONIS
14%
24ZHOU Qihao
14%
62Andrej GACINA
9%
88Cedric NUYTINCK
9%
44CHO Daeseong
9%
76Joao MONTEIRO
9%
99Lilian BARDET
9%
50Maharu YOSHIMURA
9%
96MA Jinbao
9%
52Nicolas BURGOS
9%
93Yukiya UDA
9%
58Ahmed SALEH
5%
87Alberto MINO
5%
65Andreas LEVENKO
5%
57Andy PEREIRA
5%
89Daniel GONZALEZ
5%
67Harmeet DESAI
5%
80Mihai BOBOCICA
5%
78Mizuki OIKAWA
5%
77Santiago LORENZO
5%
98WEN Ruibo
5%
84Xavier DIXON
5%
91HUANG Youzheng
0%
92LAM Siu Hang
0%
79LIANG Yanning
0%
68Marcos MADRID
0%
66Mohamed EL-BEIALI
0%
97Olajide OMOTAYO
0%
60Sathiyan GNANASEKARAN
0%

Verteilung der Resultate

Perzentil nach korrekt beantworteten Fragen

Anzahl Personen mit jedem Resultat

Ihre Resultats-Entwicklung

Sie haben dieses Quiz noch nicht gespielt